000 00559nab#a2200205#c#4500
999 _c122050
_d122050
003 IEF
005 20191205174401.0
008 950704s1976 uuu|| #####0 b| |u
040 _aIEF
_cES-MaIEF
100 1 _aEsteve Secall, Rafael
_914735
245 _aHacienda Pública de grandes ciudades
_c Rafael Esteve Secall
260 _c1976
650 4 _aESPAÑA
_941092
650 4 _aHACIENDAS LOCALES
_945217
650 4 _aCIUDADES
_936750
773 0 _tHacienda pública española
_w34570
_g40, p. 119-157
942 _2udc
942 _2udc